[Event "Challenge"]
[Site "http://www.queenalice.com/game.php?id=671801"]
[Date "2009.10.24"]
[Round "-"]
[White "thedead"]
[Black "jm47"]
[Result "1-0"]
[WhiteElo "1627"]
[BlackElo "1871"]

1. e4 c5 2. Nf3 e6 3. d4 Be7 4. Bd3 cxd4 5. Nxd4 Nc6 6. Nf3 d5 7. exd5 exd5 8.
O-O Qd6 9. b3 Bf6 10. c3 Nge7 11. Re1 O-O 12. Qc2 Ng6 13. Ba3 Qd8 14. Bxf8 Qxf8
15. Nbd2 Bg4 16. Re3 Bxf3 17. Rxf3 Nce5 18. Re1 Nxf3+ 19. Nxf3 Re8 20. Rxe8 Qxe8
21. g3 Qe6 22. Kg2 Be7 23. Nd4 Qe5 24. f4 Qh5 25. c4 Bc5 26. Be2 Nxf4+ 27. gxf4
Qh4 28. Qc3 Qxf4 29. Nf3 d4 30. Qe1 Qe3 31. Bf1 Qxe1 32. Nxe1 Kf8 33. Nd3 b6 34.
Kf3 Ke7 35. Ke4 Kd6 36. b4 Bxb4 37. Nxb4 Kc5 38. Na6+ Kc6 39. Kxd4 f5 40. Ke5 g6
41. Kf6 Kb7 42. Nb4 a5 43. Nd5 Kc6 44. Kg7 g5 45. Kxh7 Kc5 46. Ne7 f4 47. Kg6 f3
48. Kxg5 Kb4 49. h4 f2 50. h5 Ka3 51. h6 Kxa2 52. h7 1-0

[Event "AUTO-ADV-1522"]
[Site "http://www.queenalice.com/game.php?id=674283"]
[Date "2009.10.29"]
[Round "1"]
[White "jm47"]
[Black "ironildo_luiz"]
[Result "0-1"]
[WhiteElo "1858"]
[BlackElo "2012"]

1. e4 e5 2. Nf3 Nc6 3. d4 exd4 4. Nxd4 Bc5 5. c3 Qf6 6. Be3 Nge7 7. Qd2 Nxd4 8.
cxd4 Bb6 9. e5 Qe6 10. b3 c6 11. Nc3 d5 12. Bd3 Nf5 13. O-O Nxd4 14. Qd1 Qxe5
15. Bxd4 Bxd4 16. Re1 O-O 17. Rxe5 Bxe5 18. Qd2 Be6 19. f4 Bd4+ 20. Kh1 b5 21.
f5 b4 22. Ne2 Bxa1 23. Qc2 Bd7 24. f6 g6 25. Qc1 Bxf6 26. Qf4 Be7 27. Qe5 Rfe8
28. Qg3 a5 29. h4 a4 30. Bc2 c5 31. Qf4 Bxh4 32. Qd2 axb3 33. Bxb3 c4 34. Bd1
Bg4 35. Qxd5 Rad8 36. Qxc4 Rxd1+ 37. Kh2 Rxe2 38. Qxg4 Rdd2 39. Qxb4 Rxg2+ 40.
Kh3 Rh2+ 41. Kg4 Rdf2 42. Qb8+ Kg7 43. Qe5+ Bf6 44. Qe3 h5+ 45. Kg3 Bh4# 0-1

[Event "AUTO-ADV-1522"]
[Site "http://www.queenalice.com/game.php?id=674284"]
[Date "2009.10.29"]
[Round "1"]
[White "ironildo_luiz"]
[Black "jm47"]
[Result "0-1"]
[WhiteElo "1968"]
[BlackElo "1791"]

1. e4 c5 2. Nc3 e6 3. g3 Nc6 4. Bg2 Nf6 5. d3 e5 6. f4 d5 7. exd5 Nb4 8. fxe5
Nfxd5 9. Nxd5 Nxd5 10. Qf3 Be6 11. Ne2 Qc7 12. Bf4 Nb4 13. Kd2 Nd5 14. Rhe1
O-O-O 15. Bg5 Rd7 16. Nf4 Qa5+ 17. c3 Nxf4 18. Qxf4 Qb6 19. Kc2 c4 20. d4 h6 21.
Bxh6 Rxh6 22. h4 Qa6 23. b3 b5 24. Kb2 b4 25. Rec1 bxc3+ 26. Kxc3 Qa5+ 27. Kb2
Bb4 28. d5 c3+ 29. Kb1 Bxd5 30. Bxd5 Qxd5 31. Qxb4 Qd3+ 32. Rc2 Rc6 0-1

[Event "AUTO-ADV-1522"]
[Site "http://www.queenalice.com/game.php?id=674285"]
[Date "2009.10.29"]
[Round "1"]
[White "jm47"]
[Black "Parma"]
[Result "1-0"]
[WhiteElo "1782"]
[BlackElo "2010"]

1. e4 c5 2. c3 Nf6 3. d3 e5 4. Be3 b6 5. Nd2 Bb7 6. Be2 Be7 7. Nh3 O-O 8. Bg4 d5
9. c4 dxc4 10. Nxc4 Nxg4 11. O-O Nxe3 12. fxe3 Nd7 13. a4 h6 14. Qf3 f5 15. Qh5
fxe4 16. Nxe5 Nf6 17. Qg6 exd3 18. Nf4 Be4 19. Qg3 Bd6 20. Ne6 Qe8 21. Qxg7# 1-0

[Event "AUTO-ADV-1522"]
[Site "http://www.queenalice.com/game.php?id=674286"]
[Date "2009.10.29"]
[Round "1"]
[White "Parma"]
[Black "jm47"]
[Result "1/2-1/2"]
[WhiteElo "1887"]
[BlackElo "1855"]

1. d4 d5 2. c4 e6 3. e3 Be7 4. Nf3 Bb4+ 5. Bd2 Bxd2+ 6. Nbxd2 c5 7. dxc5 Nc6 8.
cxd5 exd5 9. Bb5 Qf6 10. Nd4 Bd7 11. Bxc6 bxc6 12. b4 Ne7 13. O-O O-O 14. N2b3
Bf5 15. Qf3 Qg6 16. Nxf5 Nxf5 17. Nd4 Nxd4 18. exd4 Rfe8 19. Rfe1 Rxe1+ 20. Rxe1
Kf8 21. Qe3 Qf6 22. h3 h6 23. Qe5 Qxe5 24. Rxe5 g5 25. Re3 Kg7 26. g4 Kg6 27.
Kg2 a5 28. a3 axb4 29. axb4 Ra2 30. Rb3 Rd2 31. b5 cxb5 32. Rxb5 Rxd4 33. c6 Rc4
34. Rxd5 Rxc6 35. Rd4 f5 36. gxf5+ Kxf5 37. f3 Re6 38. Kf2 h5 1/2-1/2

[Event "AUTO-ADV-1522"]
[Site "http://www.queenalice.com/game.php?id=674287"]
[Date "2009.10.29"]
[Round "1"]
[White "jm47"]
[Black "stonkin"]
[Result "0-1"]
[WhiteElo "1811"]
[BlackElo "2036"]

1. e4 e5 2. Nf3 d6 3. Nc3 c6 4. d4 Nd7 5. d5 Be7 6. Be3 Ngf6 7. h3 O-O 8. Qd2 c5
9. Be2 a6 10. Bh6 gxh6 11. Qxh6 Ne8 12. h4 f6 13. h5 f5 14. exf5 Rf6 15. Qe3
Rxf5 16. Ne4 b5 17. g4 Rf4 18. g5 Nb6 19. Nf6+ Nxf6 20. gxf6 Bxf6 21. Rg1+ Kf7
22. Bd3 Nxd5 23. Ng5+ Bxg5 24. Qg3 h6 25. O-O-O Nb4 26. Bg6+ Kg7 27. Qb3 Rf3+
28. Kb1 Rxb3 29. Be4 Rh3 30. Bxa8 Bf5 31. Rd2 Qxa8 32. Rxd6 Rh1 0-1

[Event "AUTO-ADV-1522"]
[Site "http://www.queenalice.com/game.php?id=674288"]
[Date "2009.10.29"]
[Round "1"]
[White "stonkin"]
[Black "jm47"]
[Result "1-0"]
[WhiteElo "2027"]
[BlackElo "1857"]

1. e4 c5 2. Nc3 e6 3. Nf3 Nc6 4. Bb5 a6 5. Bxc6 dxc6 6. d3 Ne7 7. Bg5 Qc7 8. O-O
Ng6 9. g3 Ne5 10. Bf4 Bd6 11. a3 Ng6 12. Ne2 Nxf4 13. Nxf4 Bxf4 14. gxf4 Qxf4
15. Qd2 Qg4+ 16. Kh1 Qxf3+ 17. Kg1 e5 18. Qg5 O-O 19. Qg3 Bg4 20. Rae1 Bh3 21.
Qxf3 Bxf1 22. Rxf1 Rae8 23. Kh1 Re6 24. Rg1 Rf6 25. Qg3 g6 26. Qxe5 Rxf2 27.
Qxc5 Re8 28. Qxf2 1-0

[Event "Challenge"]
[Site "http://www.queenalice.com/game.php?id=688006"]
[Date "2009.11.24"]
[Round "-"]
[White "aciles"]
[Black "jm47"]
[Result "1-0"]
[WhiteElo "1907"]
[BlackElo "1836"]

1. d4 d5 2. c4 e6 3. Nc3 Nf6 4. Bg5 Bb4 5. e3 Bxc3+ 6. bxc3 Qe7 7. Nf3 Nbd7 8.
Ne5 Nxe5 9. dxe5 Qa3 10. exf6 Qxc3+ 11. Ke2 gxf6 12. Bf4 c6 13. Rc1 Qa5 14. Qd2
Qa6 15. Ke1 Qa4 16. Bd6 b6 17. cxd5 exd5 18. Qb2 Qa5+ 19. Bb4 Qa4 20. Be2 c5 21.
Bxc5 bxc5 22. Bb5+ Qxb5 23. Qxb5+ Bd7 24. Qxc5 Rc8 25. Qxc8+ 1-0

[Event "Challenge"]
[Site "http://www.queenalice.com/game.php?id=688124"]
[Date "2009.11.24"]
[Round "-"]
[White "jm47"]
[Black "OliverMeewes"]
[Result "0-1"]
[WhiteElo "1867"]
[BlackElo "1901"]

1. e4 e5 2. Nf3 Qf6 3. Nc3 Bc5 4. Nd5 Qd6 5. d4 exd4 6. Nxd4 Nf6 7. Nxf6+ Qxf6
8. Be3 d6 9. Be2 Nc6 10. c3 O-O 11. Qd3 Ne5 12. Qd2 a6 13. Bg5 Qg6 14. f4 h6 15.
fxe5 Qxg5 16. Qxg5 hxg5 17. exd6 Bxd6 18. O-O Re8 19. Bd3 g4 20. Ne2 b5 21. Rf2
c5 22. Raf1 Ra7 23. Ng3 Bxg3 24. hxg3 Be6 25. b3 c4 26. Bc2 a5 27. e5 cxb3 28.
axb3 Rae7 29. Rf4 Rd8 30. Rd1 Rxd1+ 31. Bxd1 Rc7 32. Bxg4 Rxc3 33. b4 a4 34.
Bxe6 fxe6 35. Kh2 a3 36. Rf2 Rb3 37. Ra2 Kf7 38. g4 Kg6 39. g3 Rxb4 40. Rxa3
Rxg4 41. Rb3 b4 42. Kg2 Kf5 43. Kh3 g5 44. Re3 Re4 45. Rf3+ Kxe5 46. g4 Kd4 47.
Rf6 b3 48. Rf7 b2 49. Rb7 Kc3 50. Rc7+ Rc4 51. Rb7 Kc2 52. Kg3 Rf4 0-1

[Event "Challenge"]
[Site "http://www.queenalice.com/game.php?id=691503"]
[Date "2009.12.1"]
[Round "-"]
[White "theblackfox"]
[Black "jm47"]
[Result "0-1"]
[WhiteElo "1897"]
[BlackElo "1843"]

1. e4 e5 2. Nf3 d6 3. Nc3 Bg4 4. Be2 Nf6 5. d4 Nbd7 6. dxe5 dxe5 7. O-O c6 8.
Bg5 Be7 9. Nxe5 Bxe2 10. Nxe2 Nxe5 11. Nf4 Qxd1 12. Rfxd1 O-O 13. Re1 h6 14.
Bxf6 Bxf6 15. Nh5 Be7 16. a4 g6 17. Ng3 Rad8 18. f4 Bc5+ 19. Kh1 Ng4 20. Rf1 Rd2
21. h3 Ne3 22. Rfb1 Rfd8 23. f5 Rd1+ 24. Rxd1 Nxd1 25. fxg6 fxg6 26. c3 Nxb2 27.
a5 a6 28. Rb1 Bd6 29. Ne2 Nd3 30. Nd4 Rd7 31. Ne6 Be5 32. Rb3 Kf7 33. Nd4 Bxd4
34. cxd4 Nf2+ 35. Kh2 Nxe4 36. Rb4 Ke6 37. g4 c5 38. dxc5 Nxc5 39. h4 Rd2+ 40.
Kg3 Ra2 41. g5 Ra3+ 42. Kf4 Nd3+ 43. Kg4 Nxb4 44. gxh6 Kf6 45. h5 gxh5+ 46. Kxh5
Rh3+ 47. Kg4 Rxh6 48. Kg3 Rh5 49. Kg4 Rxa5 50. Kf4 Nc6 51. Ke4 Ne7 52. Kd4 Ke6
53. Kc4 Nc6 0-1

[Event "Challenge"]
[Site "http://www.queenalice.com/game.php?id=698005"]
[Date "2009.12.14"]
[Round "-"]
[White "ZUMBI"]
[Black "jm47"]
[Result "0-1"]
[WhiteElo "1847"]
[BlackElo "1808"]

1. e4 e5 2. Nf3 Nf6 3. Nxe5 d6 4. d3 dxe5 5. Nc3 Bb4 6. Bd2 Nc6 7. Qf3 Bg4 8.
Qg3 O-O 9. h3 Be6 10. O-O-O Nh5 11. Qh2 Qe7 12. Nd5 Qd6 13. Be2 Nf4 14. Nxf4
Bxa2 15. Nh5 Nd4 16. Rhe1 Ba3 17. Bc3 Bc5 18. g3 g6 19. Nf4 exf4 20. b4 Bxb4 21.
Bxb4 Qxb4 22. gxf4 Qc3 23. Rd2 Nb3+ 0-1

[Event "Challenge"]
[Site "http://www.queenalice.com/game.php?id=701590"]
[Date "2009.12.21"]
[Round "-"]
[White "Aguinaldo"]
[Black "jm47"]
[Result "0-1"]
[WhiteElo "1794"]
[BlackElo "1842"]

1. e4 Nc6 2. Bb5 e5 3. Bxc6 dxc6 4. Nc3 Bc5 5. Nf3 Bg4 6. h3 Bxf3 7. Qxf3 Nf6 8.
d3 b5 9. Bg5 Be7 10. O-O O-O 11. Bxf6 Bxf6 12. a4 b4 13. Ne2 Bg5 14. Qf5 Qd6 15.
g3 f6 16. h4 g6 17. Qf3 Bh6 18. Nc1 f5 19. exf5 Rxf5 20. Qe2 Raf8 21. Qe4 Rf3
22. c4 Qf6 23. Qe2 Be3 24. Nb3 Rxf2 25. Rxf2 Bxf2+ 26. Kg2 Bd4 27. Rf1 Qg7 28.
Rxf8+ Qxf8 29. Nxd4 exd4 30. Qe6+ Qf7 31. Qxc6 Qe7 32. Qd5+ Kf8 33. Qxd4 Qe2+
34. Kh3 Qf1+ 0-1

[Event "Challenge"]
[Site "http://www.queenalice.com/game.php?id=712551"]
[Date "2010.1.12"]
[Round "-"]
[White "extermination"]
[Black "jm47"]
[Result "1/2-1/2"]
[WhiteElo "1935"]
[BlackElo "1918"]

1. e4 Nc6 2. Nf3 e5 3. Bb5 a6 4. Ba4 Nf6 5. O-O Be7 6. Nc3 b5 7. Bb3 O-O 8. Nd5
Bb7 9. d3 Nd4 10. Nxd4 Nxd5 11. Nf5 Nf4 12. Qg4 Bg5 13. g3 h5 14. Qf3 Ng6 15. h4
Bxc1 16. Raxc1 Qf6 17. a4 Nh8 18. c4 c6 19. c5 g6 20. Nh6+ Kg7 21. Qxf6+ Kxf6
22. g4 Kg7 23. g5 f6 24. Kh2 fxg5 25. hxg5 Rf4 26. Kh3 Raf8 27. Rc2 Bc8 28. axb5
cxb5 29. Bd5 d6+ 30. Kg2 dxc5 31. Rxc5 Rd8 32. Rfc1 Bg4 33. Rc7+ Bd7 34. Bc6 Nf7
35. Rxd7 Rxd7 36. Bxd7 Nxg5 37. Rc6 Kxh6 38. Rxa6 Nf3 39. Be8 Ne1+ 40. Kh3 Nxd3
41. Rxg6+ Kh7 42. Rg5 Rxe4 43. Rxh5+ Kg7 44. f3 Re3 45. Kg3 Nxb2 46. Bxb5 Kf6
1/2-1/2

[Event "Challenge"]
[Site "http://www.queenalice.com/game.php?id=715801"]
[Date "2010.1.18"]
[Round "-"]
[White "JCOELHO"]
[Black "jm47"]
[Result "0-1"]
[WhiteElo "1972"]
[BlackElo "1871"]

1. e4 e5 2. Nf3 d6 3. Nc3 Nf6 4. Bc4 Nc6 5. Ng5 Bg4 6. f3 Bh5 7. g4 Bg6 8. h4 h5
9. Nb5 Qd7 10. d4 Na5 11. Na3 Nxc4 12. Nxc4 Qb5 13. b3 O-O-O 14. f4 d5 15. Nxe5
Nxe4 16. a4 Bb4+ 17. Bd2 Bxd2+ 18. Qxd2 Qa6 19. Qb4 Ng3 20. Rg1 Qe2# 0-1

[Event "Challenge"]
[Site "http://www.queenalice.com/game.php?id=717913"]
[Date "2010.1.21"]
[Round "-"]
[White "iwanikow"]
[Black "jm47"]
[Result "0-1"]
[WhiteElo "1821"]
[BlackElo "1901"]

1. e4 Nc6 2. c4 Nf6 3. d3 e5 4. Nf3 d6 5. Be2 Be7 6. O-O Be6 7. Nc3 Bg4 8. Bg5
h6 9. Bxf6 Bxf6 10. Nd5 Bxf3 11. Bxf3 Bg5 12. Qb3 b6 13. a4 Nd4 14. Qd1 O-O 15.
a5 b5 16. cxb5 Nxb5 17. a6 Nd4 18. Rc1 Bxc1 19. Qxc1 Nxf3+ 20. gxf3 Rc8 21. b4
c6 22. Ne3 d5 23. Nc2 dxe4 24. fxe4 Qxd3 25. Qb2 Qxa6 26. Qxe5 Qc4 0-1

[Event "Challenge"]
[Site "http://www.queenalice.com/game.php?id=728990"]
[Date "2010.2.9"]
[Round "-"]
[White "andrebardo"]
[Black "jm47"]
[Result "1-0"]
[WhiteElo "1924"]
[BlackElo "1919"]

1. e4 Nc6 2. d4 d5 3. Nc3 dxe4 4. Bb5 a6 5. Bxc6+ bxc6 6. Nxe4 Nf6 7. Nxf6+ exf6
8. Be3 Qd5 9. f3 Bd6 10. Ne2 O-O 11. O-O Bb7 12. Qd3 Bc8 13. c4 Qh5 14. f4 Bg4
15. Ng3 Qh4 16. c5 Be7 17. Qe4 Rae8 18. Qxc6 Bd8 19. Bd2 Be2 20. Rfe1 Re6 21.
Qd5 c6 22. Qd7 Bg4 23. f5 Rxe1+ 24. Rxe1 Bxf5 25. Nxf5 Qxe1+ 26. Bxe1 g6 27.
Nh6+ 1-0

[Event "Challenge"]
[Site "http://www.queenalice.com/game.php?id=728991"]
[Date "2010.2.9"]
[Round "-"]
[White "jm47"]
[Black "andrebardo"]
[Result "1-0"]
[WhiteElo "1900"]
[BlackElo "2005"]

1. e4 e5 2. Nf3 Nc6 3. d4 exd4 4. Bc4 Be7 5. c3 Na5 6. Qxd4 Bf6 7. e5 Nxc4 8.
Qxc4 Bxe5 9. Nxe5 Qe7 10. Qe2 d6 11. Nd3 Qxe2+ 12. Kxe2 Nf6 13. Re1 O-O 14. Kf1
b6 15. Nd2 Ba6 16. c4 d5 17. b3 dxc4 18. Nb4 c3+ 19. Nxa6 cxd2 20. Bxd2 Rac8 21.
Rac1 c5 22. b4 c4 23. Re5 h6 24. b5 Rfd8 25. Ke2 Ng4 26. Rh5 Re8+ 27. Kf1 Rcd8
28. Re1 Rxe1+ 29. Kxe1 Nf6 30. Rh3 Ne4 31. Bc3 Rc8 32. Nb4 Rc5 33. a4 a6 34. Bd4
Rf5 35. bxa6 Ra5 36. Bxb6 Rxa4 37. a7 c3 38. Nc2 Nd6 39. Rxc3 Nb5 40. Rc8+ Kh7
41. a8=Q 1-0

[Event "Challenge"]
[Site "http://www.queenalice.com/game.php?id=751362"]
[Date "2010.3.25"]
[Round "-"]
[White "jm47"]
[Black "ReiNato"]
[Result "1-0"]
[WhiteElo "1926"]
[BlackElo "1825"]

1. d4 c6 2. Nf3 e6 3. e4 Ne7 4. Nc3 Ng6 5. g3 Be7 6. Bd2 O-O 7. Bg2 f5 8. O-O
fxe4 9. Nxe4 d5 10. Nc3 c5 11. dxc5 Bxc5 12. Bg5 Qd7 13. Qe2 Nc6 14. Be3 Bxe3
15. fxe3 e5 16. Ng5 Qd6 17. Bxd5+ Kh8 18. Nf7+ Rxf7 19. Bxf7 Nce7 20. Rad1 Bg4
21. Qxg4 Qb6 22. Bxg6 Qxe3+ 23. Kg2 Nxg6 24. Nd5 a5 25. Nxe3 b5 26. Qg5 Re8 27.
Qd8 Rg8 28. Qxg8+ Kxg8 29. Rd8+ Nf8 30. Rfxf8# 1-0

[Event "Challenge"]
[Site "http://www.queenalice.com/game.php?id=751363"]
[Date "2010.3.25"]
[Round "-"]
[White "ALKI"]
[Black "jm47"]
[Result "1-0"]
[WhiteElo "2040"]
[BlackElo "1939"]

1. e4 c5 2. Nf3 Nc6 3. Bc4 e6 4. O-O Bd6 5. d4 cxd4 6. Nxd4 Qc7 7. Nf3 b6 8. Nc3
a6 9. Re1 Ne5 10. Be2 Nxf3+ 11. Bxf3 Bxh2+ 12. Kh1 Be5 13. Ne2 Ne7 14. c3 Ng6
15. Bg5 f6 16. Be3 O-O 17. Bd4 d6 18. Rc1 Bb7 19. Qb3 Rae8 20. Bxb6 Qe7 21. Nd4
Nf4 22. Nf5 Qd7 23. Rcd1 Rf7 24. Ng3 g6 25. c4 f5 26. c5 Bc6 27. exf5 Bxf3 28.
Qxf3 Nd5 29. fxe6 Qxe6 30. Qxd5 Qxd5 31. Rxd5 Rxf2 32. cxd6 Bxg3 33. Rxe8+ Kf7
34. Re7+ Kf8 35. Bxf2 1-0

[Event "Challenge"]
[Site "http://www.queenalice.com/game.php?id=766613"]
[Date "2010.4.26"]
[Round "-"]
[White "shmurtz91"]
[Black "jm47"]
[Result "1-0"]
[WhiteElo "1970"]
[BlackElo "1927"]

1. Nf3 d5 2. d4 Nf6 3. e3 Nc6 4. c4 e6 5. Nc3 Be7 6. Bd3 O-O 7. Ng5 dxc4 8. Bxc4
e5 9. Ne2 Bg4 10. Qb3 Bh5 11. O-O exd4 12. Qxb7 Ne5 13. Qb3 Nxc4 14. Qxc4 Nd5
15. Ne4 Bxe2 16. Qxe2 c5 17. b3 Re8 18. Ng3 Bd6 19. Qf3 Be5 20. Bb2 Nf6 21. Rfd1
Qd7 22. Nf5 Qc7 23. g3 Rad8 24. exd4 cxd4 25. Bxd4 Bxd4 26. Nxd4 g6 27. Qxf6 Rd6
28. Qf4 Qd7 29. Rac1 Rd8 30. Rc4 Qb7 31. Rdc1 Qb8 32. Rc7 R6d7 33. Rxd7 1-0

[Event "Challenge"]
[Site "http://www.queenalice.com/game.php?id=766616"]
[Date "2010.4.26"]
[Round "-"]
[White "jm47"]
[Black "ljkhalil"]
[Result "0-1"]
[WhiteElo "1921"]
[BlackElo "2087"]

1. Nf3 d5 2. c4 d4 3. d3 Nc6 4. g3 Be6 5. Bg2 Qd7 6. h3 O-O-O 7. Bf4 g6 8. g4 h5
9. g5 f6 10. Qa4 a6 11. Nbd2 Nb8 12. Qxd7+ Rxd7 13. O-O c5 14. Nb3 b6 15. gxf6
exf6 16. a4 a5 17. Ne1 Bh6 18. Bg3 g5 19. Nd2 g4 20. Ne4 gxh3 21. Bh1 h4 22.
Bxh4 h2+ 23. Kxh2 Bf4+ 24. Kg1 Rxh4 25. Nf3 Rg7+ 26. Ng3 Rh6 27. Rae1 Rhg6 28.
Nh4 Rg4 29. e3 dxe3 30. Ng2 exf2+ 31. Rxf2 Bxg3 32. Rxe6 Bxf2+ 33. Kxf2 Nd7 34.
Ne3 Rf4+ 35. Ke2 Rh4 36. Re8+ Kc7 37. Nd5+ Kd6 38. Bf3 Rh2+ 39. Ke3 Rxb2 40. Nc3
Ne7 41. Nb5+ Ke5 42. Be2 f5 43. Kf3 Kf6 44. Nc3 Ne5+ 45. Kf4 Rc2 46. Rxe7 Ng6+
0-1

[Event "Challenge"]
[Site "http://www.queenalice.com/game.php?id=766867"]
[Date "2010.4.26"]
[Round "-"]
[White "ljkhalil"]
[Black "jm47"]
[Result "1-0"]
[WhiteElo "2078"]
[BlackElo "1912"]

1. e4 c5 2. f4 e6 3. Nf3 d6 4. Nc3 Nc6 5. Bb5 Ne7 6. O-O Bd7 7. d3 f6 8. Be3 b6
9. d4 cxd4 10. Nxd4 d5 11. e5 f5 12. Bxc6 Bxc6 13. Nxe6 Qd7 14. Nxf8 Kxf8 15.
Qd3 Qe6 16. Nb5 Bxb5 17. Qxb5 Rc8 18. c3 Kf7 19. Qa6 Rc7 20. Rac1 Rhc8 21. Rcd1
Nc6 22. Rfe1 Ne7 23. a4 Nc6 24. Qe2 g6 25. c4 Ne7 26. b3 dxc4 27. Rd6 cxb3 28.
Rxe6 Rc2 29. Rf6+ Kg7 30. Qb5 b2 31. Qd7 R2c7 32. Qe6 Kh6 33. Rf7 Re8 34. Qf6
1-0